Senhora (Record no. 50775)

MARC details
000 -LÍDER
campo de controle de tamanho fixo 00212 a2200109 4500
001 - NÚMERO DE CONTROLE
campo de controle 50775
040 ## - FONTE DA CATALOGAÇÃO
Instituição que transcreveu o registro Anchieta - Pituba
240 10 - TÍTULO UNIFORME
Título uniforme Senhora
Idioma da obra
245 10 - TÍTULO
Título Senhora
650 #4 - ASSUNTO--TERMO TÓPICO
Cabeçalho tópico ou nome geográfico Ficção brasileira
942 ## - ELEMENTOS DE ENTRADA ADICIONADOS (KOHA)
Tipo de material Koha Música
Holdings
Situação do descarte Situação das perdas Situação física Não pode ser emprestado Biblioteca de origem Biblioteca atual Data de aquisição Total de empréstimos Número de chamada completo Código de barras Data de último acesso Data do preço efetivo Tipo de material Koha Fonte da classificação ou esquema de arquivamento na estante Nota pública
        Colégio Anchieta - Pituba Colégio Anchieta - Pituba 21/11/2023   869.93 A368 SEN 147/PIT 21/11/2023 21/11/2023 Música    
        Novo Tempo - Aureliano São José Novo Tempo - Aureliano São José 23/05/2024     nt865 23/05/2024 23/05/2024 Livros Classificação Decimal de Dewey estante roxa